| 000 | 00609nam a22001937a 4500 | ||
|---|---|---|---|
| 999 |
_c168631 _d168631 |
||
| 005 | 20191017163210.0 | ||
| 010 | _aENG-126691 | ||
| 020 |
_a9789388028615 _c350.00 |
||
| 035 | _aEN-110223 | ||
| 037 | _bDBAD/PUB | ||
| 082 | _a629.89 | ||
| 100 | _aGuruprasad, K.R | ||
| 245 |
_aRobotics : _cby K.R. Guruprasad _bmechanics and control / |
||
| 260 |
_aDelhi _bPHI Learning _c2019 |
||
| 270 |
_aRimjhim House,111, Patparganj Industrial Estate _bDelhi _e110092 |
||
| 300 |
_axiii;229p. _c23cm(pbk) |
||
| 500 | _aIncludes bibliographical references and index | ||
| 942 |
_2ddc _cEN _h629.892 _mGUR |
||